Normal view
MARC view
Entry Personal Name
001 - CONTROL NUMBER
- control field: 20280
003 - CONTROL NUMBER IDENTIFIER
- control field: OSt
005 - DATE AND TIME OF LATEST TRANSACTION
- control field: 20210113105810.0
008 - FIXED-LENGTH DATA ELEMENTS
- fixed length control field: 210113|| aca||aabn | a|a d
040 ## - CATALOGING SOURCE
- Original cataloging agency: OSt
- Transcribing agency: OSt
100 ## - HEADING--PERSONAL NAME
- Personal name: Bhuyan, Suryya Kumar
670 ## - SOURCE DATA FOUND
- Source citation: Work cat.: (OSt): Bhuyan, Suryya Kumar , The Military System in Mediaeval Assam, 2010
